<?xml version="1.0" encoding="UTF-8"?>
<record
    xmlns:xsi="http://www.w3.org/2001/XMLSchema-instance"
    xsi:schemaLocation="http://www.loc.gov/MARC21/slim http://www.loc.gov/standards/marcxml/schema/MARC21slim.xsd"
    xmlns="http://www.loc.gov/MARC21/slim">

  <leader>00713nas a22002057a 4500</leader>
  <controlfield tag="008">130704d19921997-  mn||| |||| 00| 0 spa d</controlfield>
  <datafield tag="022" ind1=" " ind2=" ">
    <subfield code="a">0965-3821 (paper)</subfield>
  </datafield>
  <datafield tag="245" ind1="0" ind2="0">
    <subfield code="a">Information world en espa&#xF1;ol</subfield>
  </datafield>
  <datafield tag="246" ind1=" " ind2="0">
    <subfield code="a">IWE</subfield>
  </datafield>
  <datafield tag="246" ind1=" " ind2="0">
    <subfield code="a">Information World</subfield>
  </datafield>
  <datafield tag="260" ind1=" " ind2=" ">
    <subfield code="a">Oxford</subfield>
    <subfield code="b">Learned Information</subfield>
    <subfield code="c">1992-1997</subfield>
  </datafield>
  <datafield tag="300" ind1=" " ind2=" ">
    <subfield code="a">v.</subfield>
    <subfield code="c">cm.</subfield>
  </datafield>
  <datafield tag="310" ind1=" " ind2=" ">
    <subfield code="a">Mensual</subfield>
  </datafield>
  <datafield tag="362" ind1=" " ind2=" ">
    <subfield code="a">No. 1 (feb. 1992)-vol. 6, no. 12 (dic. 1997)</subfield>
  </datafield>
  <datafield tag="500" ind1=" " ind2=" ">
    <subfield code="a">Continuada per: El profesional de la informaci&#xF3;n</subfield>
  </datafield>
  <datafield tag="650" ind1="0" ind2="4">
    <subfield code="9">4578</subfield>
    <subfield code="a">Comunicaci&#xF3; en biblioteconomia</subfield>
  </datafield>
  <datafield tag="650" ind1="0" ind2="4">
    <subfield code="9">4579</subfield>
    <subfield code="a">Comunicaci&#xF3; en ci&#xE8;ncies de la informaci&#xF3;</subfield>
  </datafield>
  <datafield tag="856" ind1="4" ind2="0">
    <subfield code="u">http://www.elprofesionaldelainformacion.com/contenidos.html</subfield>
    <subfield code="y">Disponible en l&#xED;nia</subfield>
  </datafield>
  <datafield tag="942" ind1=" " ind2=" ">
    <subfield code="2">udc</subfield>
    <subfield code="c">SER</subfield>
  </datafield>
  <datafield tag="999" ind1=" " ind2=" ">
    <subfield code="c">6569</subfield>
    <subfield code="d">6569</subfield>
  </datafield>
  <datafield tag="952" ind1=" " ind2=" ">
    <subfield code="0">0</subfield>
    <subfield code="1">0</subfield>
    <subfield code="4">0</subfield>
    <subfield code="7">0</subfield>
    <subfield code="a">CDMR</subfield>
    <subfield code="b">CDMR</subfield>
    <subfield code="d">2013-01-16</subfield>
    <subfield code="h">N&#xFA;m. 40 (gen. 1996) - Vol. 6, n&#xFA;m. 12 (des. 1997) )</subfield>
    <subfield code="l">0</subfield>
    <subfield code="r">2013-07-04</subfield>
    <subfield code="w">2013-07-04</subfield>
    <subfield code="y">SER</subfield>
  </datafield>
</record>
